| 000 | 01081nam a2200217Ia 4500 | ||
|---|---|---|---|
| 003 | Ost | ||
| 005 | 20260507075733.0 | ||
| 008 | 260507s9999||||xx |||||||||||||| ||und|| | ||
| 020 | _a9776102034 | ||
| 040 | _cfsecg | ||
| 041 | _aara | ||
| 082 | _a512.5 | ||
| 100 |
_aالسلمي، نصار _eمؤلف |
||
| 245 | 0 |
_aالجبر الخطي / _c نصار السلمي |
|
| 260 |
_aالقاهرة: _bدار طيبة, _c2004 |
||
| 300 |
_a260 صفحة؛ _bإيضاحات ؛ _c24 سم |
||
| 504 | _aبببليوغرافيا: ص.259 | ||
| 520 | _aمقدمة في الجبر المجرد،مقدمة في المصفوفات والمحددات،الفراغات الاتجاهية،نظام المعادلات الخطية،التحويلات الخطية،تغير الأساس وتشابه المصفوفات،القيم الذاتية والمتجهات الذاتية،فراغات الضرب الداخلي،الفراغات المترية المركبة،الصيغ التربيعية والتحويلات الخطية | ||
| 653 | _aالجبر الخطي | ||
| 942 | _cكتاب | ||
| 999 |
_c46052 _d46052 |
||